[Event "Wch U12 Girls"]
[Site "Batumi"]
[Date "2016.10.30"]
[Round "11"]
[White "Maghlakelidze, Rusudan"]
[Black "Ismayilova, Stefaniya"]
[Result "1-0"]
[WhiteElo "1380"]
[BlackElo "1207"]
[PlyCount "31"]
[EventDate "2016.10.19"]
[EventType "swiss"]
[EventRounds "11"]
[EventCountry "GEO"]
[SourceTitle "EXT 2018"]
[Source "ChessBase"]
[SourceDate "2017.10.13"]
[SourceVersion "1"]
[SourceVersionDate "2017.10.13"]
[SourceQuality "1"]

1. e4 e5 2. Nf3 Nc6 3. c3 Nf6 4. d4 exd4 5. e5 Nd5 6. cxd4 Qe7 7. Bc4 Nb6 8. Bb3 d6 9. 0-0 Bg4 10. exd6 Qxd6 11. Bxf7+ Kxf7 12. Ng5+ Kg8 13. Qxg4 Nxd4 14. Rd1 Rd8 15. Rxd4 Re8 16. Rxd6 1-0

[Event "Wch U12 Girls"]
[Site "Batumi"]
[Date "2016.10.21"]
[Round "3"]
[White "Donghvani, Nia"]
[Black "Ismayilova, Stefaniya"]
[Result "1-0"]
[WhiteElo "1628"]
[BlackElo "1207"]
[PlyCount "31"]
[EventDate "2016.10.19"]
[EventType "swiss"]
[EventRounds "11"]
[EventCountry "GEO"]
[SourceTitle "EXT 2018"]
[Source "ChessBase"]
[SourceDate "2017.10.13"]
[SourceVersion "1"]
[SourceVersionDate "2017.10.13"]
[SourceQuality "1"]

1. e4 e5 2. Nf3 Nc6 3. Bc4 Bc5 4. d3 Nf6 5. c3 d5 6. exd5 Nxd5 7. b4 Bb6 8. Bxd5 Qxd5 9. c4 Qd6 10. c5 Bxc5 11. bxc5 Qxc5 12. 0-0 Nd4 13. Ba3 Nxf3+ 14. Qxf3 Qd4 15. Nd2 Qc3 16. Nc4 1-0